NFL Pro Bowl Tight Ends 2020s - Statistics

General Stats
  • This quiz has been taken 646 times
    107 since last reset
  • The average score is 28 of 31
Answer Stats
Season Team Player % Correct
2025 49ers George Kittle
100%
2024 49ers George Kittle
100%
2023 49ers George Kittle
100%
2022 49ers George Kittle
100%
2021 49ers George Kittle
100%
2025 Chiefs Travis Kelce
100%
2024 Chiefs Travis Kelce
100%
2023 Chiefs Travis Kelce
100%
2022 Chiefs Travis Kelce
100%
2021 Chiefs Travis Kelce
100%
2020 Chiefs Travis Kelce
100%
2025 Raiders Brock Bowers
95%
2024 Raiders Brock Bowers
95%
2025 Cardinals Trey McBride
93%
2024 Cardinals Trey McBride
93%
2022 Ravens Mark Andrews
90%
2021 Ravens Mark Andrews
90%
2022 Lions/Vikings T.J. Hockenson
90%
2020 Lions T.J. Hockenson
90%
2023 Lions Sam LaPorta
88%
2025 Bills Dalton Kincaid
87%
2023 Browns David Njoku
86%
2025 Colts Tyler Warren
86%
2025 Cowboys Jake Ferguson
85%
2023 Cowboys Jake Ferguson
85%
2021 Falcons Kyle Pitts
85%
2020 Raiders Darren Waller
81%
2022 Bills Dawson Knox
78%
2023 Jaguars Evan Engram
74%
2020 Giants Evan Engram
74%
2024 Dolphins Jonnu Smith
66%
No matching quizzes found
Score Distribution
Percent of People with Each Score
Percentile by Number Answered
Your Score History
You have not taken this quiz since the last reset